Central Library OPAC University of Rajshahi

Basic nutrition and diet therapy / (Record no. 12285)

MARC details
000 -LEADER
fixed length control field 00883cam a2200313 i 4500
001 - CONTROL NUMBER
control field 12285
003 - CONTROL NUMBER IDENTIFIER
rucl marc code BD-RjUL
005 - DATE AND TIME OF LATEST TRANSACTION
control field 20211208235252.0
008 - FIXED-LENGTH DATA ELEMENTS--GENERAL INFORMATION
fixed length control field 140128s1980 nyua b 001 0 eng
020 ## - INTERNATIONAL STANDARD BOOK NUMBER
International Standard Book Number 0024024503
035 ## - SYSTEM CONTROL NUMBER
System control number (BD-RjUL)12334
040 ## - CATALOGING SOURCE
Original cataloging agency DLC
Transcribing agency DLC
Modifying agency BD-RjUL
Language of cataloging eng
041 ## - LANGUAGE CODE
Language code of text/sound track or separate title eng
060 ## - NATIONAL LIBRARY OF MEDICINE CALL NUMBER
Classification number WB400.3 R658b
082 00 - DEWEY DECIMAL CLASSIFICATION NUMBER
Classification number 613.2
Author mark and year ROB 1980
100 1# - MAIN ENTRY--PERSONAL NAME
Personal name Robinson, Corinne H.
Fuller form of name (Corinne Hogden)
9 (RLIN) 38148
245 10 - TITLE STATEMENT
Title Basic nutrition and diet therapy /
Statement of responsibility, etc. Corinne H. Robinson.
250 ## - EDITION STATEMENT
Edition statement 4th ed.
260 ## - PUBLICATION, DISTRIBUTION, ETC. (IMPRINT)
Place of publication, distribution, etc. New York :
Name of publisher, distributor, etc. Macmillan,
Date of publication, distribution, etc. c1980.
300 ## - PHYSICAL DESCRIPTION
Pagination ix, 383 p. :
Illustrations ill. ;
Size 24 cm.
504 ## - BIBLIOGRAPHY, ETC. NOTE
Bibliography, etc Includes bibliographies and index.
650 #0 - SUBJECT ADDED ENTRY--TOPICAL TERM
Topical term or geographic name as entry element Diet therapy.
9 (RLIN) 38149
Topical term or geographic name as entry element Nutrition.
9 (RLIN) 38150
Topical term or geographic name as entry element Diet therapy.
9 (RLIN) 38151
Topical term or geographic name as entry element Nutrition.
9 (RLIN) 38152
942 ## - ADDED ENTRY ELEMENTS (KOHA)
Source of classification or shelving scheme Dewey Decimal Classification
Koha item type Books
Holdings
Lost status Source of classification or shelving scheme Damaged status Not for loan Collection code Permanent Location Current Location Shelving location Date acquired Source of acquisition Total Checkouts Full call number Date last seen Copy number Koha item type
  Dewey Decimal Classification     Non-fiction Central Library, University of Rajshahi Central Library, University of Rajshahi   29/10/1992 Asia Foundation   613.2 ROB 1980 28/01/2014 C-8 Books
  Dewey Decimal Classification   Not For Loan Non-fiction Central Library, University of Rajshahi Central Library, University of Rajshahi Reading Room 29/10/1992 N/A   613.2 ROB 1980 29/05/2017 C-1 Books
  Dewey Decimal Classification     Non-fiction Central Library, University of Rajshahi Central Library, University of Rajshahi   29/02/1992 N/A   613.2 ROB 1980 29/05/2017 C-2 Books
  Dewey Decimal Classification     Non-fiction Central Library, University of Rajshahi Central Library, University of Rajshahi   29/10/1992 N/A   613.2 ROB 1980 29/05/2017 C-3 Books